000 00791nam a2200241 i 4500
001 bg
245 0 0 _aObszar wolności, bezpieczeństwa i sprawiedliwości Unii Europejskiej :
_bgeneza, stan i perspektywy rozwoju /
_cpod red. Filipa Jasińskiego i Katarzyny Smoter.
260 _aWarszawa :
_bUrząd Komitetu Integracji Europejskiej,
_c2005.
300 _a512 s. ;
_c24 cm.
650 9 _aPrawo wspólnotowe europejskie
_ystan na 2005 r.
650 9 _aWolność
650 9 _aBezpieczeństwo międzynarodowe
650 9 _aSprwiedliwość
700 1 _aJASIŃSKI, Filip
700 1 _aSMOTER, Katarzyna
020 _a8389972522
040 _cBPK
041 0 _apol
080 _a341.12(4-67)
920 _a83-89972-52-2
942 _cKS
008 s pl f |000 0 pol
999 _c46463
_d46463
856 _uhttp://koha.tu.koszalin.pl/cgi-bin/koha/opac-detail.pl?biblionumber=46463
_yKatalog online BPK